000 00914nam a2200301 a 4500
003 AR-BaBNM
005 20251128203253.0
008 082120s2002 ||||||||||||||000 | spa||
020 _a84-249-2219-0
040 _cAR-BaBNM
100 1 _aGilson, Etienne
245 0 0 _aLingüística y filosofía
_bensayo sobre las constantes filosóficas del lenguaje
260 _aMadrid
_bGredos
_c1974
300 _a334 p.
490 0 _aBiblioteca hispánica de filosofía
500 _aContiene índice de materias en p. 321
500 _aIndice de nombres en p. 329
650 4 _aANALISIS LINGÜISTICO
650 4 _aINVESTIGACION LINGÜISTICA
650 4 _aTEORIA LINGÜISTICA
650 4 _aFILOLOGIA
650 4 _aPSICOLINGÜISTICA
653 _aFILOSOFIA DEL LENGUAJE
700 1 _aBéjar Hurtado, Francisco
_etraductor
800 1 _aGonzález Alvarez, Angel
_edirector
942 _cBK
998 _cMARTIN
999 _c2646
_d2646